UBT Library

Macroeconomics / (Record no. 44487)

000 -LEADER
fixed length control field 00671cam a2200241 a 4500
001 - CONTROL NUMBER
control field 17110112
005 - DATE AND TIME OF LATEST TRANSACTION
control field 20180308080635.0
008 - FIXED-LENGTH DATA ELEMENTS--GENERAL INFORMATION
fixed length control field 120109s2013 mauab 001 0 eng
010 ## - LIBRARY OF CONGRESS CONTROL NUMBER
LC control number 2011053396
020 ## - INTERNATIONAL STANDARD BOOK NUMBER
International Standard Book Number 9780132832205
020 ## - INTERNATIONAL STANDARD BOOK NUMBER
International Standard Book Number 0132832208
040 ## - CATALOGING SOURCE
Original cataloging agency DLC
Transcribing agency DLC
Modifying agency DLC
041 ## - LANGUAGE CODE
Language code of text/sound track or separate title eng
042 ## - AUTHENTICATION CODE
Authentication code pcc
080 ## - UNIVERSAL DECIMAL CLASSIFICATION NUMBER
Universal Decimal Classification number 339 GIA
082 00 - DEWEY DECIMAL CLASSIFICATION NUMBER
Classification number 339 GIA
Edition number 23
100 1# - Rafti
Rafti 52
101 ## - Shkurtesa
Shkurtesa ECO
245 10 - TITLE STATEMENT
Title Macroeconomics /
Statement of responsibility, etc R. Glenn Hubbard, Anthony Patrick O'Brien.
906 ## - LOCAL DATA ELEMENT F, LDF (RLIN)
a 7
b cbc
c orignew
d 1
e ecip
f 20
g y-gencatlg
942 ## - ADDED ENTRY ELEMENTS (KOHA)
Source of classification or shelving scheme
Item type Books
Holdings
Withdrawn status Lost status Source of classification or shelving scheme Damaged status Not for loan Collection code Permanent location Current location Shelving location Date acquired Total Checkouts Full call number Barcode Date last seen Price effective from Koha item type
          Koleksioni i përgjithshem UBT - Lipjan UBT - Lipjan Koleksioni i përgjithshem 03/08/2018   339 GIA 002-3001331 03/08/2018 03/08/2018 Books
          Koleksioni i përgjithshem UBT - Lipjan UBT - Lipjan Koleksioni i përgjithshem 02/25/2021   330.101.541 002-6000586 02/25/2021 02/25/2021 Books
UBT Library © 2015-2024. All rights reserved University Education for Business and Technology